Nội quy kỳ họp quốc hội.
Wedi'i Gadw mewn:
| Fformat: | Sách giấy |
|---|---|
| Iaith: | Vietnamese |
| Cyhoeddwyd: |
H. :
Chính trị Quốc gia,
1994.
|
| Pynciau: | |
| Tagiau: |
Ychwanegu Tag
Dim Tagiau, Byddwch y cyntaf i dagio'r cofnod hwn!
|
| Thư viện lưu trữ: | Thư viện Trường Đại học Đà Lạt |
|---|
| LEADER | 00653nam a2200277 4500 | ||
|---|---|---|---|
| 001 | DLU150167295 | ||
| 005 | ##20150119 | ||
| 040 | # | # | |a DLU |b vie |
| 041 | # | # | |a vie |
| 044 | # | # | |a vn |
| 082 | # | # | |a 328.309 597 |b Noi |
| 245 | # | # | |a Nội quy kỳ họp quốc hội. |
| 260 | # | # | |a H. : |b Chính trị Quốc gia, |c 1994. |
| 300 | # | # | |a 27 tr. ; |c 19 cm. |
| 610 | # | # | |a Việt Nam. |b Quốc hội |x Quy định, quy tắc. |
| 923 | # | # | |a 06/2014 |
| 991 | # | # | |a SH |
| 992 | # | # | |a 2000 |
| 994 | # | # | |a DLU |
| 900 | # | # | |a True |
| 911 | # | # | |a Đào Thị Thu Huyền |
| 925 | # | # | |a G |
| 926 | # | # | |a A |
| 927 | # | # | |a SH |
| 980 | # | # | |a Thư viện Trường Đại học Đà Lạt |